[Event "Lublin op"]
[Site "Lublin"]
[Date "2009.06.13"]
[Round "8"]
[White "Bielak, Pawel"]
[Black "Jozwicka, Urszula"]
[Result "1-0"]
[WhiteElo "2111"]
[BlackElo "2089"]
[PlyCount "35"]
[EventDate "2009.06.08"]
[EventType "swiss"]
[EventRounds "9"]
[EventCountry "POL"]
[SourceTitle "CBM 130 Extra"]
[Source "ChessBase"]
[SourceDate "2009.07.02"]
[SourceVersion "2"]
[SourceVersionDate "2009.07.15"]
[SourceQuality "1"]

1. e4 g6 2. d4 Bg7 3. Be3 d6 4. Nc3 Nd7 5. f4 e6 6. Nf3 Ne7 7. Bc4 Nb6 8. Bb3 d5 9. Qe2 dxe4 10. Nxe4 Nbd5 11. Bd2 Nf5 12. c3 Nd6 13. Bxd5 exd5 14. Nxd6+ Kf8 15. Nxc8 Qxc8 16. 0-0 h6 17. f5 Kg8 18. Ne5 1-0

[Event "Lublin op"]
[Site "Lublin"]
[Date "2009.06.11"]
[Round "5"]
[White "Cymbala, Ireneusz"]
[Black "Jozwicka, Urszula"]
[Result "1-0"]
[WhiteElo "1882"]
[BlackElo "2089"]
[PlyCount "153"]
[EventDate "2009.06.08"]
[EventType "swiss"]
[EventRounds "9"]
[EventCountry "POL"]
[SourceTitle "CBM 130 Extra"]
[Source "ChessBase"]
[SourceDate "2009.07.02"]
[SourceVersion "2"]
[SourceVersionDate "2009.07.15"]
[SourceQuality "1"]

1. e4 d5 2. exd5 Qxd5 3. Nc3 Qa5 4. d4 Nf6 5. Nf3 Bg4 6. h3 Bh5 7. g4 Bg6 8. Ne5 c6 9. Bd2 Nbd7 10. Nc4 Qc7 11. Qf3 Nb6 12. Bf4 Qd8 13. 0-0-0 Nbd5 14. Ne5 Nxc3 15. Qxc3 Nd5 16. Qg3 Nxf4 17. Qxf4 Qd5 18. Bc4 Qd6 19. Bxf7+ Bxf7 20. Qxf7+ Kd8 21. Qf5 Kc7 22. Nf7 e6 23. Nxd6 exf5 24. Nxf5 g6 25. Ne3 Bh6 26. Kb1 Rhf8 27. Rhf1 Rf3 28. h4 Raf8 29. g5 Bg7 30. c3 Rxf2 31. Rxf2 Rxf2 32. Rf1 Rxf1+ 33. Nxf1 Kd6 34. Kc2 c5 35. Kd3 b5 36. Ke4 b4 37. Ne3 bxc3 38. bxc3 cxd4 39. cxd4 Ke6 40. d5+ Kd6 41. Nc4+ Kc5 42. Ne5 Kd6 43. Nc6 a6 44. Nd4 Be5 45. Ne6 Bg3 46. Nf8 Bxh4 47. Nxh7 a5 48. Nf8 Bxg5 49. Nxg6 a4 50. Kd4 Bf6+ 51. Kc4 a3 52. Nf4 Bb2 53. Nd3 Bf6 54. Nb4 Bb2 55. Na6 Bf6 56. Nc5 Bb2 57. Ne4+ Ke5 58. Ng3 Kd6 59. Nf5+ Ke5 60. Ne7 Kd6 61. Nc8+ Kc7 62. Na7 Bc1 63. Nb5+ Kd7 64. Kd4 Bb2+ 65. Kc5 Bc1 66. Kb4 Bb2 67. Nxa3 Bf6 68. Nc4 Kc7 69. a4 Kb7 70. Kb5 Be7 71. a5 Bh4 72. a6+ Ka7 73. Nb2 Bf6 74. Nd3 Bd4 75. Nc5 Be5 76. Kc6 Bf4 77. d6 1-0